| 000 | 00819nam a22002177i 4500 | ||
|---|---|---|---|
| 999 |
_c23395 _d23395 |
||
| 003 | AR-CdUCM | ||
| 008 | 250904b20192019 pe||||| |||| 00| 0 spa d | ||
| 020 | _a978-612-00-4578-7 | ||
| 040 |
_aMUNICIPALIDAD PROVINCIAL DEL CUSCO _cBIBLIOTECA MUNICIPAL DEL CUSCO |
||
| 041 | _hspa | ||
| 082 |
_a869.56 / I961C _bI961C |
||
| 100 |
_aIwaki Ordoñez, Rubén _910424 |
||
| 245 |
_aCuscan púrej : _b36 amaneceres hilvanando los andes en busca de respuestas / |
||
| 260 |
_aCusco : _bAutor-Editor Ecoprint E.I.R.L. _c2019 |
||
| 300 |
_a222 páginas. : _c17x12 cm. |
||
| 505 | _aEscogiendo la carrera profesional -- La primera gran desilusión -- Una idea descabellada -- Primera jornada -- tarántulas | ||
| 650 |
_aGran desilusión _951506 |
||
| 650 |
_aTarántula _951507 |
||
| 942 |
_2ddc _cLIBROS |
||
| 945 |
_apbjr _d2019 |
||